Science of synthesis. Water in organic synthesis
Saved in:
| Other Authors: | |
|---|---|
| Format: | Book |
| Language: | English |
| Published: |
Stuttgart ; New York
Georg Thieme
2012.
|
| Series: | [Science of synthesis reference library]
|
| Subjects: | |
| Online Access: | View in OPAC |
| Tags: |
No Tags, Be the first to tag this record!
|
MARC
| LEADER | 00000cam a2200000 a 4500 | ||
|---|---|---|---|
| 005 | 20260127134026.0 | ||
| 008 | 130620s2012 gw a b 001 0 eng | ||
| 010 | |a 2012-392994 | ||
| 020 | |a 9783131693518 | ||
| 035 | |a vtls010521554 | ||
| 039 | 9 | |y 201306201035 |z mschk03 | |
| 040 | |a DLC |c DLC |d STUSCHK1 | ||
| 042 | |a pcc | ||
| 245 | 0 | 0 | |a Science of synthesis. |b Water in organic synthesis |c volume editor, S. Kobayashi ; authors, D.A. Alonso ... [et al.]. |
| 246 | 3 | 0 | |a Water in organic synthesis |
| 246 | 1 | |i At head of title: |a SOS | |
| 260 | |a Stuttgart ; |a New York |b Georg Thieme |c 2012. | ||
| 300 | |a L, 960 p. |b ill. |c 27 cm. | ||
| 490 | 0 | |a [Science of synthesis reference library] | |
| 504 | |a Includes bibliographical references and indexes. | ||
| 650 | 0 | |a Water chemistry. | |
| 650 | 0 | |a Organic compounds |x Synthesis. | |
| 700 | 1 | |a Kobayashi, Shu |d 1959- |4 edt | |
| 906 | |a 7 |b cbc |c origres |d 2 |e ncip |f 20 |g y-gencatlg | ||
| 910 | |a SCHK95 | ||
| 919 | |a 978-3-13-169351 | ||
| 925 | 0 | |a acquire |b 2 shelf copies |x policy default | |
| 999 | |c 2349 |d 2349 | ||